| 000 | 005780000a22001930004500 | ||
|---|---|---|---|
| 999 |
_c49020 _d49020 |
||
| 001 | 1866 | ||
| 003 | CO-MdFUSB | ||
| 005 | 20180222161306.0 | ||
| 008 | 170519b xxu||||| |||| 00| 0 eng d | ||
| 020 | _a978-958-30-1979-1 | ||
| 040 | _cCO-MdBIC | ||
| 082 | 0 | 4 | _a863C Sa55r |
| 100 | 1 | _aSánchez Juliano, David | |
| 245 | 1 | 0 | _aRoberto el terco / David Sánchez Juliano ; ilustraciones Verónica Cháves |
| 260 | _aBogotá : Panamericana Editorial | ||
| 300 | _a40 P. | ||
| 650 | 1 | 4 | _aVacaciones - Cuentos infantiles infantiles colombianos \ Terquedad - Cuentos |
| 942 | _cLGB | ||